01847nam a22003975i 4500001000700000003000700007005001700014008004100031016004400072017005100116020002500167035002100192035001900213040002000232080001100252080002000263100005500283245006400338250002400402260003600426300002000462336002200482337003000504338002400534490002600558500037500584650003000959650004700989830003401036852011101070903005201181942002301233954004001256999001901296952013401315195858SpMaBN20250912122412.0240726s1981 sp spa 7 abimoBNE19960574365zIND910155372SpMaBN aT 997-1981bOficina Depósito Legal Tarragona a8485060490c600 pts. a(OCoLC)433865293 abimo0002334131 aSpMaBNbspacA2 a612.39 a641.564(083.12)1 aAlfonso, Eduardo,d1896-19910XX825990eaut91984810aNutrición humana y cocina vegetariana /cEduardo Alfonso. aSéptima edición aBarcelona :bCymys,cD.L. 1981. a157 p. ;c21 cm 2rdacontentatexto 2rdamediaasin mediación 2rdacarrieravolumen1 aColección Psicosoma aAparte de que el régimen vegetariano no solamente rechaza las carnes y pescados, sino el alcohol, el tabaco y las drogas tóxicas o sorpresivas. En los 63 años que llevo de práctica médico-naturista y practicando yo mismo, la alimentación vegetariana, he observado sin tregua los efectos de dicho régimen y puedo asegurar que es la mejor base para la salud. 4aNutrición2embne915650 4aCocina vegetariana-vRecetas2embne911131 aColección Psicosoma9239846 aES-MaACLbR.154339cDEPOJjN-8896hDonación: E. CortijoxEncuadernación: rústica con solapas9204812 aCortijo Parralejo, Esteban, d1952-ednr940933 2udccMONOGRAFIAn0 iTatiana Alejandra de Castro Pérez c195858d195858 00102udc4070aATENEOMbATENEOMcDEPOJd2025-03-17eDONACIONl0oN-8896p101229659r2025-03-17 00:00:00w2025-03-17yMONOGRAFIA